Most expensive football transfers - 2018-2019 Season - Statistics

General Stats
  • This quiz has been taken 36 times
  • The average score is 8 of 10
Answer Stats
Fee (M €) Nationality Left Joined Player % Correct
117,00 Portugal Real Madrid Juventus Cristiano Ronaldo
100%
180,00 France Monaco Paris SG Kylian Mbappé
100%
64,00 United States Borussia Dortmund Chelsea Christian Pulisic
91%
67,80 Algeria Leicester City Manchester City Riyad Mahrez
91%
59,00 Brazil Shakhtar D. Manchester United Fred
83%
60,00 Guinea RB Leipzig Liverpool Naby Keïta
83%
80,00 Spain Athletic Chelsea Kepa Arrizabalaga
80%
62,50 Brazil AS Roma Liverpool Alisson
77%
57,00 Brazil / Italy SSC Napoli Chelsea Jorginho
71%
72,00 France Monaco Atlético Madrid Thomas Lemar
60%
No matching quizzes found
Score Distribution
Percent of People with Each Score
Percentile by Number Answered
Your Score History
You have not taken this quiz